Gang intervention models.

Professor Robert Weide discusses the desistance model and transformation model of gang intervention. He gives examples of each model and explains how each functions to provide gang intervention and/or prevention in communities.

Bibliographic Details
Format: Video
Language:English
Language Notes:Closed-captioned in English.
Published: London : SAGE Publications Ltd., 2017.
Subjects:
Online Access:Connect to this streaming video

MARC

Tag First Indicator Second Indicator Subfields
LEADER 00000cgm a2200000Mi 4500
001 in00005512621
006 m o c
007 vz |za|||
007 cr |za||||||||
008 170323s2017 enk010 f o vleng d
005 20241105202802.5
035 |a (OCoLC)on1017712574 
040 |a SGPBL  |b eng  |e rda  |e pn  |c SGPBL  |d OCLCO  |d OCLCF  |d NRC 
020 |a 9781526419880  |q (streaming video)  
020 |a 1526419882 
035 |a (OCoLC)1017712574 
041 0 |a eng  |j eng 
050 4 |a HV6437  |b .G36 2017 
082 0 4 |a 364.1066 
049 |a TXAM 
245 0 0 |a Gang intervention models. 
264 1 |a London :  |b SAGE Publications Ltd.,  |c 2017. 
300 |a 1 online resource (1 video file (9 min., 28 sec.)) :  |b sound, colour. 
336 |a two-dimensional moving image  |b tdi  |2 rdacontent 
337 |a computer  |b c  |2 rdamedia 
337 |a video  |b v  |2 rdamedia 
338 |a online resource  |b cr  |2 rdacarrier 
511 0 |a Academic, Robert Donald Weide Ph.D. 
520 8 |a Professor Robert Weide discusses the desistance model and transformation model of gang intervention. He gives examples of each model and explains how each functions to provide gang intervention and/or prevention in communities. 
546 |a Closed-captioned in English. 
588 |a Description based on XML content. 
650 0 |a Gang prevention. 
650 7 |a Gang prevention.  |2 fast  |0 (OCoLC)fst00937679 
700 1 |a Weide, Robert,  |e on-screen presenter. 
856 4 0 |u http://proxy.library.tamu.edu/login?url=https://sk.sagepub.com/video/gang-intervention-models  |z Connect to this streaming video  |t 0 
955 |a SAGE Video Criminology and Criminal Justice 
994 |a 92  |b TXA 
999 f f |s 74f87cc3-3ac9-40ec-af7c-de84f48caeb1  |i 85d63e85-04cf-4afc-a251-9519393bf9c1  |t 0 
952 f f |a Texas A&M University  |b College Station  |c Electronic Resources  |d Available Online  |t 0  |e HV6437 .G36 2017  |h Library of Congress classification 
998 f f |a HV6437 .G36 2017  |t 0  |l Available Online